| 000 | 00344 a2200121 4500 | ||
|---|---|---|---|
| 082 |
_a302.23 _bAHU |
||
| 100 |
_aAhuja,B.N. _91430 |
||
| 245 |
_aTheory and Practice of Journalism :Set to Indian Context _cB.N.Ahuja |
||
| 260 |
_aDelhi _bSurjeet Publications _c2007 |
||
| 300 | _a375p | ||
| 500 | _aPaper cover | ||
| 942 |
_aNBS _cBK _k811.5420 AHU _2ddc |
||
| 999 |
_c347491 _d347491 |
||